Comunidades vegetales del flanco norte del cerro "El Cielo", e inventario florístico de la vegetación del Parque Nacional Tayrona (<Magdalena, Colombia>) (Registro nro. 9899)

Detalles MARC
000 -CABECERA
Campo de control 006490000a22001690004500
090 ## - CLASIFICACIÓN LOCAL
Colección AR
Consecutivo 00809
041 0# - IDIOMA
Código de idioma para texto/pista de sonido o título separado
100 1# - ASIENTO PRINCIPAL--NOMBRE PERSONAL
Nombre personal Lozano Contreras, Gustavo
245 10 - MENCION DE TITULO
Título Comunidades vegetales del flanco norte del cerro "El Cielo", e inventario florístico de la vegetación del Parque Nacional Tayrona (<Magdalena, Colombia>)
650 14 - ASIENTO SECUNDARIO DE MATERIA - TERMINO TEMATICO
Término temático o nombre geográfico como elemento de entrada Botánica
650 14 - ASIENTO SECUNDARIO DE MATERIA - TERMINO TEMATICO
Término temático o nombre geográfico como elemento de entrada Inventarios de vegetación
650 14 - ASIENTO SECUNDARIO DE MATERIA - TERMINO TEMATICO
Término temático o nombre geográfico como elemento de entrada Ecología vegetal
651 #4 - ASIENTO SECUNDARIO DE MATERIA - NOMBRE GEOGRAFICO
-- Cerro El Cielo
-- Magdalena
-- Colombia
651 #4 - ASIENTO SECUNDARIO DE MATERIA - NOMBRE GEOGRAFICO
-- Parque Nacional Natural Tayrona
-- Magdalena
-- Colombia
773 1# - Item fuente:
Título Preprint
Especificación de materiales 3
Paginas del Articulo 407-421
Lugar, editorial y fecha de publicación 1984?
942 ## - ELEMENTOS ADICIONALES (KOHA)
Tipo de ítem Artículo
Existencias
Withdrawn status Lost status Damaged status No para préstamo Colección Ubicación Permanente Ubicación actual Fecha de adquisición Fuente de Valor Datos de publicación Seriada Total Checkouts Número topográfico Inventario / Código de Barras Date last seen Ejemplar Price effective from Forma de adquisición Tipo de material
      No para Préstamo Hemeroteca Bogotá Bogotá 27/02/2015 Muñoz Saba, Yaneth Fuera de circulación   AR 00809 011131 25/03/2015 1 25/03/2015   Artículo
      No para Préstamo Hemeroteca Bogotá Bogotá 27/02/2015 Muñoz Saba, Yaneth Fuera de circulación   AR 00809 013794 25/03/2015 1 25/03/2015   Artículo